[Event "Aragon-chT Preferente Gr I"]
[Site "Aragon"]
[Date "2022.02.12"]
[Round "3.34"]
[White "Garcia Morales, Roberto"]
[Black "Insa Castillo, Jose Manuel"]
[Result "1/2-1/2"]
[WhiteElo "1980"]
[BlackElo "1612"]
[PlyCount "139"]
[EventDate "2022.01.29"]
[EventType "team-tourn"]
[EventRounds "9"]
[EventCountry "ESP"]
[SourceTitle "EXT 2024"]
[Source "ChessBase"]
[SourceDate "2023.10.10"]
[SourceVersion "1"]
[SourceVersionDate "2023.10.10"]
[SourceQuality "1"]
[WhiteTeam "Agrupacion II"]
[BlackTeam "Palacio de Pioneros IV"]
[WhiteTeamCountry "ESP"]
[BlackTeamCountry "ESP"]

1. e4 e5 2. Nf3 Nc6 3. Bb5 a6 4. Ba4 Nf6 5. d3 b5 6. Bb3 Be7 7. c3 0-0 8. 0-0 d6 9. Re1 Na5 10. Bc2 c5 11. Nbd2 Nc6 12. Nf1 Re8 13. Ng3 g6 14. Bg5 Qc7 15. h3 Nd8 16. Qd2 Ne6 17. Bh6 Bb7 18. Rad1 Rac8 19. Bb1 c4 20. d4 Red8 21. d5 Nc5 22. Nf5 Bf8 23. Qg5 Ne8 24. Nh2 f6 25. Qg3 Ng7 26. Nh4 Nh5 27. Qe3 Bxh6 28. Qxh6 Qg7 29. Qxg7+ Kxg7 30. g3 a5 31. Bc2 Ra8 32. Nf1 b4 33. Ne3 Ba6 34. Nf3 Rdc8 35. Nd2 b3 36. Bb1 bxa2 37. Bxa2 Nd3 38. Nexc4 Nxe1 39. Rxe1 Rcb8 40. Rb1 f5 41. b4 Bxc4 42. Bxc4 axb4 43. cxb4 Ra4 44. b5 fxe4 45. Kf1 e3 46. fxe3 Nxg3+ 47. Ke1 Ra3 48. Kf2 Nf5 49. e4 Nd4 50. b6 Rxh3 51. Bf1 Rc3 52. b7 Ra3 53. Rb6 h5 54. Nc4 Rf3+ 55. Kg2 Rf6 56. Nxd6 Rxd6 57. Rxd6 Rxb7 58. Rd8 Kf6 59. d6 Ne6 60. Ra8 Rd7 61. Ra6 Nc5 62. Bb5 Nxa6 63. Bxd7 Nc5 64. Be8 Nxe4 65. d7 Ke7 66. Bxg6 Nf6 67. Kg3 Kxd7 68. Kh4 Ke6 69. Kg5 Nd5 70. Bxh5 1/2-1/2

[Event "Aragon-chT Preferente Gr I"]
[Site "Aragon"]
[Date "2022.02.05"]
[Round "2.50"]
[White "Insa Castillo, Jose Manuel"]
[Black "Brosa Soto, Jesus"]
[Result "0-1"]
[WhiteElo "1612"]
[BlackElo "1966"]
[PlyCount "72"]
[EventDate "2022.01.29"]
[EventType "team-tourn"]
[EventRounds "9"]
[EventCountry "ESP"]
[SourceTitle "EXT 2024"]
[Source "ChessBase"]
[SourceDate "2023.10.10"]
[SourceVersion "1"]
[SourceVersionDate "2023.10.10"]
[SourceQuality "1"]
[WhiteTeam "Palacio de Pioneros IV"]
[BlackTeam "Las Fuentes"]
[WhiteTeamCountry "ESP"]
[BlackTeamCountry "ESP"]

1. d4 d5 2. Nc3 Nf6 3. Bf4 c6 4. e3 Bf5 5. f3 h6 6. g4 Bh7 7. h4 Nbd7 8. Bd3 Bxd3 9. Qxd3 e6 10. Nge2 Bb4 11. 0-0-0 Qa5 12. Kb1 Nb6 13. e4 0-0-0 14. a3 Be7 15. Nc1 Nc4 16. Nb3 Qa6 17. Bc1 b5 18. g5 hxg5 19. hxg5 Nd7 20. exd5 cxd5 21. Rh7 Rhg8 22. g6 f5 23. Re1 Nf8 24. Rh5 Nxg6 25. Rxf5 exf5 26. Qxf5+ Kb8 27. Re6 Rd6 28. Rxg6 Rxg6 29. Bf4+ Rd6 30. Qf7 Rf8 31. Qxe7 Rxf4 32. Qe8+ Qc8 33. Qxb5+ Rb6 34. Qxd5 Rf5 35. Qe4 Rxb3 36. Qe2 Rxc3 0-1